Normal view MARC view
  • Fleury, Claude,

Entry Nombre Personal

Number of records used in: 1

001 - NUMERO DE CONTROL

  • campo de control: 53717

003 - IDENTIFICADOR DE NUMERO DE CONTROL

  • campo de control: DLC

005 - FECHA Y HORA DE LA ÜLTIMA TRANSACCIÓN

  • campo de control: 20240925120815.0

008 - DATOS DE LONGITUD FIJA

  • campo de control de longitud fija: 240925|| aca||aabn | aaa d

010 ## - NÚMERO DE CONTROL DE LA BIBLIOTECA DEL CONGRESO

  • Número de control LC: n 79063941

035 ## - NUMERO DE CONTROL

  • Número de control: OCoLC)oca00296883

040 ## - FUENTE DE CATALOGACIÓN

  • Agencia original de catalogación: DLC
  • Lenguaje de catalogación: spa
  • Agencia de transcripción: DLC
  • Agencia que lo modifica: DLC
  • Agencia que lo modifica: OCoLC
  • Agencia que lo modifica: UPB
  • Agencia que lo modifica: NL-UtRU
  • Agencia que lo modifica: MX-MxUPN

046 ## - FECHAS CON CODIFICACIÓN ESPECIAL

  • Fecha de nacimiento: 16401206
  • Fecha de muerte: 17230714

100 1# - ENCABEZAMIENTO - NOMBRE PERSONAL

  • Nombre personal: Fleury, Claude,
  • Fechas asociadas con el nombre: 1640-1723

370 ## - LUGAR ASOCIADO

  • Fuente del término: naf
  • Place of death: París (Francia)
  • Associated country: París (Francia)

372 ## - CAMPO DE ACTIVIDAD

  • Field of activity: Historia de la Iglesa
  • Field of activity: Leyes eclesiásticas
  • Field of activity: Leyes canónicas

374 ## - OCUPACIÓN

  • Occupation: Clérigo

400 1# - VEÁSE - NOMBRE DE PERSONA

  • Personal name: Fleury, Claudio.
  • Dates associated with a name: 1640-1723

670 ## - FUENTE EN LA QUE SE LOCALIZARON DATOS

  • Cita de la fuente: Autoridades LC, 25 septiembre 2024 :
  • Información localizada: (Fleury, Claude, 1640-1723 )
  • Uniform Resource Identifier: https://lccn.loc.gov/n79063941

902 ## - CATALOGADOR

  • Catalogador: MaríaRobles/250924